000
00309nam a2200109Ia 4500
008
200302s9999 xx 000 0 und d
100
_a
Randall Whitehead
245
_a
The Art of Outdoor Lighting Landscapes with the Beauty of Lighting
260
_b
Rockport Publishers Inc.
260
_c
1999
300
_a
192 P.,
999
_c
2123
_d
2123